000 01344nam a22003017a 4500
005 20240530110402.0
008 150121s2011 ua | b 000 0 ara d
017 _a2010/13143
_bمصر . دار الكتب المصرية
020 _a9789773278076
040 _aEG-CaGPL
041 0 _aara
082 0 4 _221
_a345.02\
_bن م
100 0 _aنضال ياسين العبادى
245 1 2 _aالمسؤولية الجزائية عن استخدام المنشطات فى المجال الرياضى :
_bدراسة مقارنة فى القانون الجنائى /
_cنضال ياسين العبادى ، وديع ياسين التكريتى ، حسن عودة زعال
250 _aط1
260 _aالاسكندرية :
_bدار الوفاء لدنيا الطباعة و النشر ،
_c2011
300 _a377 ص ؛
_c24 سم
504 _aببليوجرافية : ص 329 - 353
650 0 4 _aالرياضيون
_xالاختبارات الطبية
650 0 4 _aالمنشطات
650 0 4 _aالرياضيون
_xالصحة العامة
650 0 4 _aقانون العقوبات
650 0 4 _aالقانون الجنائى
700 0 _aوديع ياسين التكريتى
_eمؤلف مشارك
700 0 _aحسن عودة زعال
_eمؤلف مشارك
942 _2ddc
_cBK
999 _c60282
_d60282